Low Moon.

Salvato in:
Dettagli Bibliografici
Autore principale: Jason (autor)
Altri autori: Palmer, Óscar (traductor)
Natura: Libro
Pubblicazione: Bilbao, España: Astiberri, 2009.
Edizione:1.ᵃ edición.
Serie:Colección Sillón Orejero.
Soggetti:
Tags: Aggiungi Tag
Nessun Tag, puoi essere il primo ad aggiungerne!!

MARC

LEADER 00000nam a22000007a 4500
003 CL-VaPUC
005 20250321101917.0
008 250113t2009 ||||| |||| 00| 0 eng d
999 |c 446472  |d 446470 
020 |a 978-84-92769-07-0 
040 |c Pontificia Universidad Católica de Valparaíso 
082 |a 741.5 JAS 2009 
100 |9 895326  |a Jason  |e autor 
245 |a Low Moon. 
250 |a 1.ᵃ edición. 
260 |a Bilbao, España:  |b Astiberri,  |c 2009. 
300 |a 212 páginas;  |b ilustraciones. 
490 |a Colección Sillón Orejero. 
500 |a c.1-c.3 Instituto Arcos.08-01-2025. 
583 |c 20250113  |k Gabriela Rodríguez Cuevas 
650 0 |9 369534  |a Cómics 
650 0 |a Historietas, tiras cómicas, etc.  |9 308802 
700 |9 895325  |a Palmer, Óscar  |e traductor 
942 |2 ddc  |c BK  |n 0 
952 |0 0  |1 0  |2 ddc  |4 0  |6 741_500000000000000_JAS_2009  |7 0  |9 599214  |a BIBINC  |b BIBINC  |c GEN  |d 2025-01-13  |e Instituto Arcos  |i 5664103  |o 741.5 JAS 2009  |p 5664103  |r 2025-01-13  |t 1  |w 2025-01-13  |y BK  |k IFP 
952 |0 0  |1 0  |2 ddc  |4 0  |6 741_500000000000000_JAS_2009  |7 0  |9 599215  |a BIBINC  |b BIBINC  |c GEN  |d 2025-01-13  |e Instituto Arcos  |i 5664104  |o 741.5 JAS 2009  |p 5664104  |r 2025-01-13  |t 2  |w 2025-01-13  |y BK  |k IFP 
952 |0 0  |1 0  |2 ddc  |4 0  |6 741_500000000000000_JAS_2009  |7 0  |9 599216  |a BIBINC  |b BIBINC  |c GEN  |d 2025-01-13  |e Instituto Arcos  |i 5664105  |o 741.5 JAS 2009  |p 5664105  |r 2025-01-13  |t 3  |w 2025-01-13  |y BK  |k IFP